|
|
|
|
| LEADER |
00000nam a22000007a 4500 |
| 005 |
20191009214843.0 |
| 007 |
cr|||| |||| |
| 008 |
191009s2019 co |||||s|||| 00||0 spa d |
| 020 |
|
|
|a 9786139440283
|
| 035 |
|
|
|a 29634
|
| 040 |
|
|
|a vLex
|
| 090 |
|
|
|c 9757
|d 9757
|
| 100 |
1 |
|
|a Gonzl̀ez Alfaro, Vern̤ica
|
| 245 |
1 |
2 |
|a El pro infans en el sistema de responsabilidad penal adolescente
|h [Recurso electrn̤ico] /
|c Vern̤ica Gonzl̀ez Alfaro
|
| 256 |
|
|
|a Servicio en ln̕ea
|
| 260 |
|
|
|a Bogot:̀
|b Editorial Acadm̌ica Espaǫla,
|c 2019
|
| 300 |
|
|
|a 1 recurso electrn̤ico
|
| 500 |
|
|
|a Es usual que al momento de estar cerca de un menor delincuente la sociedad propende al rechazo, olvidando que independientemente de las condiciones de dicho niǫ, joven o adolescente, este no puede perder su carc̀ter preferente frente a la aplicacin̤ y materializacin̤ de sus derechos fundamentales. De esta forma se hace necesario conocer el manejo del proceso penal en los menores y la aplicacin̤ que se le da a las normas propuestas para el desarrollo del mismo. Por ello, el props̤ito de este proyecto es lograr determinar las inconsistencias e incongruencias derivadas de la aplicacin̤ del Pro Infans en Colombia y la incidencia de estas irregularidades a la hora de sancionar a un menor delincuente atribuyňdole responsabilidad penal.
|
| 506 |
1 |
|
|a Disponible solo en los productos indicados
|d vLex Global
|d vLex Global (Academic Edition, excluding Law Schools)
|d vLex Global (U.S. Academic Edition, Law Schools)
|d vLex Global (U.S. Academic Edition, excluding Law Schools)
|d vLex Global (Academic Edition, Law Schools)
|
| 650 |
0 |
4 |
|a Derecho Penal
|z Colombia
|
| 740 |
0 |
|
|a vLex Libros (Servicio en ln̕ea)
|
| 856 |
4 |
0 |
|u http://vlex.com/source/29634
|z Acceso restringido
|
| 942 |
|
|
|c BOOK
|
| 999 |
0 |
|
|a Criminal law
|